000 00718nam a2200265Ia 4500
003 OSt
005 20221006151005.0
006 a|||||r|||| 00| 0
007 ta
008 221006b |||||||| |||| 00| 0 jpn d
020 _c¥3296
024 _a20,555
037 _bGift, Japan Foundation
_cTextual
040 _aEASL
_cEASL
_bjpn
041 _2jpn
_ajpn
082 _aW.42.N94, N5
100 _aSHIMIZU Shinzo
_9658031
245 0 _aSengo kakushin no hanhikage
260 _aTokyo
_bNihon Keizai Hyoronsha Japan
_c1995
300 _a480p.
_ccm.
490 _v JL
650 _aJL
942 _hW.42.N94, N5
_cTEXL
_2CC
999 _c1088641
_d1088641